| 000 | 00584nam a2200229Ia 4500 | ||
|---|---|---|---|
| 008 | 180523s9999 xx 000 0 und d | ||
| 020 | _a981-247-049-2 | ||
| 050 | _aMAIN TS 155 | ||
| 050 | _b.R87 2003 | ||
| 100 | _aRussell, Roberta A. | ||
| 245 | 0 | _aOperations management / | |
| 245 | 0 | _cRoberta A. Russell. | |
| 250 | _a4th Edition | ||
| 260 | _aSingapore : | ||
| 260 | _bPearson Education South Asia, | ||
| 260 | _c2003 | ||
| 300 | _a824 pages : | ||
| 300 | _billustrations ; | ||
| 300 | _c26 cm. | ||
| 500 | _aIncludes index. | ||
| 650 | _aProduction management. | ||
| 999 |
_c357711 _d357711 |
||